Hand Drawing for Designers (Record no. 8242)

MARC details
000 -LEADER
fixed length control field 00405nam a2200157Ia 4500
008 - FIXED-LENGTH DATA ELEMENTS--GENERAL INFORMATION
fixed length control field 230312s9999||||xx |||||||||||||| ||und||
020 ## - INTERNATIONAL STANDARD BOOK NUMBER
International Standard Book Number 81-56367-780-9
082 ## - DEWEY DECIMAL CLASSIFICATION NUMBER
Classification number 792.026
Item number SEI-H
100 ## - MAIN ENTRY--PERSONAL NAME
Personal name Seidler;Douglas.R
245 #0 - TITLE STATEMENT
Title Hand Drawing for Designers
260 ## - PUBLICATION, DISTRIBUTION, ETC.
Name of publisher, distributor, etc. Fairchild Books
Place of publication, distribution, etc. USA
Date of publication, distribution, etc. 2010
300 ## - PHYSICAL DESCRIPTION
Extent 286
546 ## - LANGUAGE NOTE
Language note Eng.
650 ## - SUBJECT ADDED ENTRY--TOPICAL TERM
Topical term or geographic name entry element Architecture
Form subdivision Hand Drawing for Designers
942 ## - ADDED ENTRY ELEMENTS (KOHA)
Koha item type BOOK
Holdings
Withdrawn status Lost status Source of classification or shelving scheme Damaged status Not for loan Home library Current library Date acquired Total Checkouts Full call number Barcode Date last seen Price effective from Koha item type
    Dewey Decimal Classification     Superior Information Resource Center (SIRC) Superior University- Main Campus Superior Information Resource Center (SIRC) Superior University- Main Campus 03/13/2023   792.026 SEI-H 8350 03/13/2023 03/13/2023 BOOK

Powered by Koha